000
00384nam a2200133Ia 4500
008
151001s9999||||xx |||||||||||||| ||und||
100
_a
वा शि आपटे
245
_a
साप बंगल्यातील साहस
250
_a
2
260
_b
श्रीराम प्रकाशन पुणे
260
_c
1983
300
_a
64
365
_b
17
999
_c
971713
_d
971710